| 000 | 00808njm a2200265Ia 4500 | ||
|---|---|---|---|
| 001 | 21141 | ||
| 003 | IT-RoPAU | ||
| 005 | 20220918181202.0 | ||
| 008 | 131025s9999 xx 000 0 und d | ||
| 040 | _aIT-RoPAU | ||
| 040 | _cIT-RoPAU | ||
| 999 |
_c103114 _d103114 |
||
| 999 | _bn.d. | ||
| 100 |
_aRossini Gioachino _92267 |
||
| 100 |
_eAutore musica _95152 |
||
| 100 |
_gCodice autore musica SPICS: 11125 _92269 |
||
| 245 | _aSemiramide | ||
| 250 | _a1a ed. | ||
| 260 | _aROMA | ||
| 260 |
_bRAI - RADIO TELEVISIONE ITALIANA _c1983 [1a Ed.:1966 - Ed. Lingua Orig.: 1823] |
||
| 300 | _aMUSICASSETTA | ||
| 500 | _aMusica operistica. Musica lirica. Musica classica | ||
| 511 | _aLondon Symphony Orchestra diretta da Bonynge Richard | ||
| 650 |
_aOPERA LIRICA [CASSETTE] _eCodice MATERIA SPICS: 9951 _95153 |
||
| 942 |
_cMC _2ddc |
||